000
00291nam a2200145Ia 4500
100
_a
Kysin/Naumov
650
_a
General
942
_c
BK
654
_a
Practice
245
_a
Assembly Practice
260
_b
Mir Publishers
_c
2001
082
_a
670.4
300
_a
372
546
_a
ENGLISH
999
_c
21096
_d
21096